000 00301nam a22001337a 4500
008 170531b xxu||||| |||| 00| 0 eng d
020 _a9780806129112
041 _aeng
080 _a93
100 _a17
101 _ashh
245 _aSANTIAGO DE GUATEMALA, 1541-1773
_cLUTZ, CH.H
942 _2udc
_cBK
999 _c15161
_d15161